Desať argumentov proti normám súboru ISO 9000

Názory na zavádzanie noriem kvality a získavanie certifikátov systému manažérstva kvality (SMK) v organizáciách. Argumenty proti zavádzaniu SMK. ISO navádza organizácie, aby sa správali spôsobom, ktorý znevýhodňuje zákazníkov. Desať hlavných argumentov, ktoré uvádza John Seddon proti norme ISO 9000....

Descrizione completa

Salvato in:
Dettagli Bibliografici
Autore principale: Bílý, Matej
Natura: Capitolo di libro
Lingua:slovacco
Soggetti:
Tags: Aggiungi Tag
Nessun Tag, puoi essere il primo ad aggiungerne!!

MARC

LEADER 00000naa a2200000 4500
001 r043040
005 20231002065957.9
041 0 |a slo 
044 |a SK 
245 1 0 |a Desať argumentov proti normám súboru ISO 9000  |c Matej Bílý 
520 |a Názory na zavádzanie noriem kvality a získavanie certifikátov systému manažérstva kvality (SMK) v organizáciách. Argumenty proti zavádzaniu SMK. ISO navádza organizácie, aby sa správali spôsobom, ktorý znevýhodňuje zákazníkov. Desať hlavných argumentov, ktoré uvádza John Seddon proti norme ISO 9000. Komentár k uvedeným argumentom. 
610 2 0 |a normy kvality 
610 2 0 |a normy ISO 
610 2 0 |a ISO 9000 
610 2 0 |a systémy kvality 
610 2 0 |a riadenie kvality 
610 2 0 |a certifikáty 
610 2 0 |a Seddon, J. 
100 1 |a Bílý, Matej